<?xml version="1.0" encoding="UTF-8"?><?xml-stylesheet type="text/xsl" href="static/style.xsl"?><OAI-PMH xmlns="http://www.openarchives.org/OAI/2.0/" xmlns:xsi="http://www.w3.org/2001/XMLSchema-instance" xsi:schemaLocation="http://www.openarchives.org/OAI/2.0/ http://www.openarchives.org/OAI/2.0/OAI-PMH.xsd"><responseDate>2026-04-27T14:20:08Z</responseDate><request verb="GetRecord" identifier="oai:riubu.ubu.es:10259/5863" metadataPrefix="marc">https://riubu.ubu.es/oai/request</request><GetRecord><record><header><identifier>oai:riubu.ubu.es:10259/5863</identifier><datestamp>2021-11-03T23:01:34Z</datestamp><setSpec>com_10259_2699</setSpec><setSpec>col_10259_2703</setSpec></header><metadata><record xmlns="http://www.loc.gov/MARC21/slim" xmlns:doc="http://www.lyncode.com/xoai" xmlns:xsi="http://www.w3.org/2001/XMLSchema-instance" xmlns:dcterms="http://purl.org/dc/terms/" xsi:schemaLocation="http://www.loc.gov/MARC21/slim http://www.loc.gov/standards/marcxml/schema/MARC21slim.xsd">
<leader>00925njm 22002777a 4500</leader>
<datafield tag="042" ind1=" " ind2=" ">
<subfield code="a">dc</subfield>
</datafield>
<datafield tag="720" ind1=" " ind2=" ">
<subfield code="a">Zabaleta González, Rebeca</subfield>
<subfield code="e">author</subfield>
</datafield>
<datafield tag="260" ind1=" " ind2=" ">
<subfield code="c">2021</subfield>
</datafield>
<datafield tag="520" ind1=" " ind2=" ">
<subfield code="a">La formación específica para las personas con problemas de salud mental permite mejorar su autopercepción y facilita su participación socio-laboral. En esta investigación se ha diseñado un programa de formación para este colectivo. Se basa en el apoyo entre iguales, es decir, personas con problemas de salud mental que apoyan a personas con problemas de salud mental. El programa se llama: ¡ACOMPÁÑAME! Y se ha implementado en distintas organizaciones sociales en España. También se ha traducido y experimentado en Italia. El apoyo entre iguales es una práctica cada vez más extendida en el mundo; lo definimos como la relación que se establece entre las personas que tienen, o han tenido, experiencias similares y se basa fundamentalmente en la empatía. A través de esta experiencia se ha abierto la posibilidad, que está en estudio, de implementar un nuevo perfil laboral para este colectivo.</subfield>
</datafield>
<datafield tag="024" ind2=" " ind1="8">
<subfield code="a">http://hdl.handle.net/10259/5863</subfield>
</datafield>
<datafield tag="024" ind2=" " ind1="8">
<subfield code="a">10.36443/10259/5863</subfield>
</datafield>
<datafield ind1=" " ind2=" " tag="653">
<subfield code="a">Salud mental</subfield>
</datafield>
<datafield ind1=" " ind2=" " tag="653">
<subfield code="a">Formación</subfield>
</datafield>
<datafield ind1=" " ind2=" " tag="653">
<subfield code="a">Apoyo entre iguales</subfield>
</datafield>
<datafield ind1=" " ind2=" " tag="653">
<subfield code="a">Intervención</subfield>
</datafield>
<datafield ind1=" " ind2=" " tag="653">
<subfield code="a">Entidades sociales</subfield>
</datafield>
<datafield ind1=" " ind2=" " tag="653">
<subfield code="a">Mental health</subfield>
</datafield>
<datafield ind1=" " ind2=" " tag="653">
<subfield code="a">Education</subfield>
</datafield>
<datafield ind1=" " ind2=" " tag="653">
<subfield code="a">Peer support</subfield>
</datafield>
<datafield ind1=" " ind2=" " tag="653">
<subfield code="a">Training</subfield>
</datafield>
<datafield ind1=" " ind2=" " tag="653">
<subfield code="a">Social organizations</subfield>
</datafield>
<datafield tag="245" ind1="0" ind2="0">
<subfield code="a">Desarrollo y evaluación del Programa de formación ¡ACOMPÁÑAME! implementado con personas con trastorno mental severo que participan en entidades sociales</subfield>
</datafield>
</record></metadata></record></GetRecord></OAI-PMH>